• 首页
  • 本馆介绍
  • 公告通知
  • 最新文献
  • 馆藏检索
  • 电子资源
  • 读者导购
  • 参考咨询
  • 我的图书馆
  • 登录
  • 详细信息显示
  • 放入我的书架
  • 预约/预借图书
  • 作者相关作品
  • 分类相关作品
  • 丛书相关作品
  • 出版社相关作品

书目信息

  • 表格格式
  • 工作单格式
  • 卡片格式
题名:
2000种植物原色图鉴
    
 
作者: 张淑梅 主编
分册: 7  
出版信息: 大连   大连理工大学出版社  2013.01
页数: 2001-2144页
开本: 21cm
丛书名:
单 册:
中图分类: Q94-64
科图分类:
主题词: 植物--图集 , 植物
电子资源:
ISBN: 978-7-5611-7518-7
000 00887nam0 2200241 450
001 010050024393
005 20140611152612.92
010    @a978-7-5611-7518-7@dCNY97.40,CNY680.00(全7册)
100    @a20130227d2013 em y0chiy50 ea
101 0  @achi
102    @aCN@b210000
105    @aa z 001yy
106    @ar
200 1  @a2000种植物原色图鉴@92000 zhong zhi wu yuan se tu jian@h7@f张淑梅主编
210    @a大连@c大连理工大学出版社@d2013.01
215    @a2001-2144页@d21cm
330    @a本书精选了2000种植物、5000多张原生态照片,科学准确地记录了每一种植物的分类地位、学名、别名、形态、生境、分布,还针对食用植物、药用植物、有毒植物、外来入侵植物等与人们生活及环境保护密切相关的问题作了相应的介绍。
606 0  @a植物@j图集
606 0  @a植物
690    @aQ94-64@v5
701  0 @a张淑梅@9zhang shu mei@4主编
801  0 @aCN@b人天书店@c20130227
905    @b548714-16@dQ94-64@e252:7@f3
    
    2000种植物原色图鉴.7/张淑梅主编.-大连:大连理工大学出版社,2013.01
    2001-2144页;21cm
    
    
    ISBN 978-7-5611-7518-7:CNY97.40,CNY680.00(全7册)
    本书精选了2000种植物、5000多张原生态照片,科学准确地记录了每一种植物的分类地位、学名、别名、形态、生境、分布,还针对食用植物、药用植物、有毒植物、外来入侵植物等与人们生活及环境保护密切相关的问题作了相应的介绍。
●
相关链接 在E读中查询图书 在五车中查询图书 在当当中查询图书 在豆瓣中查询图书


正题名:2000种植物原色图鉴     索取号:Q94-64/252:7         预约/预借

序号 登录号 条形码 馆藏地/架位号 状态 备注
1 548714   205487141   第二样本阅览室/ [索取号:Q94-64/252:7] 在馆    
2 548715   205487150   密集书库-生命科学系/ [索取号:Q94-64/252:7] 在馆    
3 548716   205487169   第三借阅区/ [索取号:Q94-64/252:7] 在馆    
唐山师范学院图书馆 欢迎您!
大连网信软件有限公司© 版权所有